| 000 | 00813nam a2200193 a 4500 | ||
|---|---|---|---|
| 001 | 000048583 | ||
| 005 | 20201002061244.0 | ||
| 008 | 190401s2009 dr a r 000 0 spa d | ||
| 020 | _a9789945421705 | ||
| 040 |
_aDO-SdBNP _bspa _cBNPHU |
||
| 082 |
_axxxx _bB142h |
||
| 100 | 1 |
_aBáez Rosario, Luis J. del, _d1955- _976032 |
|
| 245 | 1 | 0 |
_aHistoria del municipio de San Francisco de Macorís, ley 176-07 del Distrito Nacional y los Municipios , Memorias de un Consultor Jurídico / _cLuis Báez del Rosario. |
| 260 |
_aSan Francisco de Macorís, República Dominicana, : _bAyuntamiento del Municipio de San Francisco de Macorís, _c2009. |
||
| 300 |
_a315 p. : _bil. ; _c23 cm. |
||
| 500 | _aIncluye datos biográficos del autor en las solapas | ||
| 504 | _aBibliografía : p. 297 | ||
| 590 | _aInventariado, 2019/BT | ||
| 999 |
_c48071 _d48071 |
||